00924nas a2200265 i 4500001000400000003000900004005001700013007000300030008004100033022001400074080000700088245011200095246006500207250001800272260009100290300002000381310001400401362002900415650003800444710007600482852007000558866000900628942000800637999001300645991ES-MaACL20250808085801.0t|950801c1985 lu | | ||pa d a0257-7763 a3400aDiario oficial de las Comunidades Europeas. n02, pUnión aduanera y libre circulación de mercancías.10aUnión aduanera y libre circulación de mercancías. n02 aEd. especial. aLuxembourg : bOficina de Publicaciones Oficiales de las Comunidades Europeas, c1985. a3 v. ; c30 cm. aIrregular1 aV. 1 (1985)-v. 16 (1985)17aDerecho comunitario2embne9116772 aOficina de Publicaciones Oficiales de las Comunidades Europeas.91427554 aES-MaACLjHEM-D-18 dOlim: Hem-1657 91014 zExpurgado: 22-1-2025 0o1985 2udc c991d991